<?xml version="1.0" encoding="UTF-8"?>
<record
    xmlns:xsi="http://www.w3.org/2001/XMLSchema-instance"
    xsi:schemaLocation="http://www.loc.gov/MARC21/slim http://www.loc.gov/standards/marcxml/schema/MARC21slim.xsd"
    xmlns="http://www.loc.gov/MARC21/slim">

  <leader>00476nam a2200157   4500</leader>
  <controlfield tag="008">720.103 AW964s</controlfield>
  <datafield tag="020" ind1=" " ind2=" ">
    <subfield code="a">9780415571920</subfield>
  </datafield>
  <datafield tag="082" ind1=" " ind2=" ">
    <subfield code="a">720.103</subfield>
    <subfield code="b">AW964s</subfield>
  </datafield>
  <datafield tag="100" ind1=" " ind2=" ">
    <subfield code="a">Awan, Nishat </subfield>
    <subfield code="9">6906</subfield>
  </datafield>
  <datafield tag="245" ind1=" " ind2=" ">
    <subfield code="a">Spatial Agency </subfield>
    <subfield code="b">Other ways of doing architecture </subfield>
  </datafield>
  <datafield tag="260" ind1=" " ind2=" ">
    <subfield code="a">Estados Unidos </subfield>
    <subfield code="b">Routledge </subfield>
    <subfield code="c">2011</subfield>
  </datafield>
  <datafield tag="300" ind1=" " ind2=" ">
    <subfield code="a">224 p.</subfield>
    <subfield code="b">ill (col)</subfield>
    <subfield code="c">24.5 x 19 cm </subfield>
  </datafield>
  <datafield tag="505" ind1=" " ind2=" ">
    <subfield code="t">Introduction</subfield>
  </datafield>
  <datafield tag="650" ind1=" " ind2=" ">
    <subfield code="x">arquitectura - sociedad </subfield>
    <subfield code="9">6907</subfield>
  </datafield>
  <datafield tag="700" ind1=" " ind2=" ">
    <subfield code="a">Schneider, Tatjana; Till, Jeremy </subfield>
    <subfield code="9">6908</subfield>
  </datafield>
  <datafield tag="999" ind1=" " ind2=" ">
    <subfield code="c">1725</subfield>
    <subfield code="d">1725</subfield>
  </datafield>
  <datafield tag="952" ind1=" " ind2=" ">
    <subfield code="0">0</subfield>
    <subfield code="1">0</subfield>
    <subfield code="2">ddc</subfield>
    <subfield code="4">0</subfield>
    <subfield code="7">0</subfield>
    <subfield code="a">LV</subfield>
    <subfield code="b">LV</subfield>
    <subfield code="c">Monograf&#xED;as</subfield>
    <subfield code="d">2019-02-16</subfield>
    <subfield code="l">1</subfield>
    <subfield code="o">720.103 AW964s</subfield>
    <subfield code="p">002123</subfield>
    <subfield code="r">2019-09-12 00:00:00</subfield>
    <subfield code="s">2019-09-07</subfield>
    <subfield code="w">2019-02-16</subfield>
    <subfield code="y">01</subfield>
  </datafield>
</record>
